[Event "Mittelfranken-chTB2a 1718"]
[Site "Mittelfranken"]
[Date "2018.04.08"]
[Round "7.2"]
[White "Heimrath, Wolfgang"]
[Black "Ludwig, Michael"]
[Result "1-0"]
[WhiteElo "2120"]
[BlackElo "1917"]
[PlyCount "79"]
[EventDate "2017.10.08"]
[EventType "team-tourn"]
[EventRounds "9"]
[EventCountry "GER"]
[SourceTitle "EXT 2022"]
[Source "ChessBase"]
[SourceDate "2021.10.06"]
[SourceVersion "1"]
[SourceVersionDate "2021.10.06"]
[SourceQuality "1"]
[WhiteTeam "Fuerth SG"]
[BlackTeam "Buechenbach/Roth II"]
[WhiteTeamCountry "GER"]
[BlackTeamCountry "GER"]

1. e4 c6 2. Nc3 d5 3. Nf3 d4 4. Ne2 c5 5. Ng3 Nc6 6. Bc4 e5 7. d3 h6 8. 0-0 Nf6 9. a3 Bd6 10. Nh4 Ne7 11. h3 Be6 12. Nh5 Nxh5 13. Bxe6 fxe6 14. Qxh5+ Kd7 15. b4 g5 16. bxc5 Bxc5 17. Nf3 Bd6 18. Rb1 b6 19. c3 dxc3 20. d4 Qe8 21. Qg4 Ng6 22. Rb3 Rc8 23. h4 gxh4 24. Nxe5+ Nxe5 25. dxe5 Rg8 26. Qxh4 Qg6 27. g3 Bxe5 28. Rd1+ Ke8 29. Rb5 Bf6 30. Qf4 c2 31. Re1 e5 32. Qf3 Rg7 33. Rd5 h5 34. Kg2 h4 35. Rh1 Rc4 36. Re1 Rgc7 37. Rd6 Rf7 38. Qd3 Rcc7 39. Qd5 Rfe7 40. Rd8# 1-0

[Event "Regionalliga Nord-Ost 1718"]
[Site "Bayern"]
[Date "2018.03.18"]
[Round "8.8"]
[White "Ludwig, Michael"]
[Black "Kampe, Raimund"]
[Result "1-0"]
[WhiteElo "1917"]
[BlackElo "1729"]
[PlyCount "69"]
[EventDate "2017.10.22"]
[EventType "team-tourn"]
[EventRounds "9"]
[EventCountry "GER"]
[SourceTitle "EXT 2022"]
[Source "ChessBase"]
[SourceDate "2021.10.06"]
[SourceVersion "1"]
[SourceVersionDate "2021.10.06"]
[SourceQuality "1"]
[WhiteTeam "Buechenbach/Roth"]
[BlackTeam "Weiden"]
[WhiteTeamCountry "GER"]
[BlackTeamCountry "GER"]

1. e4 c5 2. d4 cxd4 3. c3 dxc3 4. Nxc3 Nc6 5. Nf3 d6 6. Bc4 g6 7. 0-0 Bg7 8. Qe2 Nf6 9. h3 0-0 10. Rd1 Nd7 11. Bg5 Nde5 12. Nxe5 Nxe5 13. Bb3 Be6 14. Bd5 Bxd5 15. Nxd5 Nc6 16. Rac1 f6 17. Be3 Qd7 18. b4 e6 19. Nf4 g5 20. Nd3 b6 21. f4 gxf4 22. Nxf4 Ne5 23. Rd4 f5 24. Nh5 fxe4 25. Nxg7 Kxg7 26. Qh5 Rf5 27. Qh6+ Kh8 28. Rxe4 Rg8 29. Bd4 Rg6 30. Qd2 Rfg5 31. Bxe5+ Kg8 32. g4 Qb7 33. Qxd6 Qxe4 34. Rc8+ Kf7 35. Rf8# 1-0

[Event "Regionalliga Nord-Ost 1718"]
[Site "Bayern"]
[Date "2017.11.26"]
[Round "3.7"]
[White "Ludwig, Michael"]
[Black "Seidl, Juergen"]
[Result "1-0"]
[WhiteElo "1917"]
[BlackElo "2006"]
[PlyCount "67"]
[EventDate "2017.10.22"]
[EventType "team-tourn"]
[EventRounds "9"]
[EventCountry "GER"]
[SourceTitle "EXT 2022"]
[Source "ChessBase"]
[SourceDate "2021.10.06"]
[SourceVersion "1"]
[SourceVersionDate "2021.10.06"]
[SourceQuality "1"]
[WhiteTeam "Buechenbach/Roth"]
[BlackTeam "Kareth Lappersdorf II"]
[WhiteTeamCountry "GER"]
[BlackTeamCountry "GER"]

1. e4 e6 2. d4 d5 3. Nd2 Nf6 4. e5 Nfd7 5. Bd3 c5 6. c3 Nc6 7. Ngf3 cxd4 8. cxd4 f6 9. 0-0 fxe5 10. dxe5 Nc5 11. Bb1 g6 12. Nb3 Nxb3 13. Qxb3 Bg7 14. Bf4 0-0 15. Bg3 Qb6 16. Qxb6 axb6 17. a3 Bd7 18. Bd3 Rfc8 19. Rac1 Bh6 20. Rc2 Ra5 21. h4 Rc5 22. Re2 Bc1 23. Rd1 Ra8 24. Bb1 Ra4 25. Bc2 Rac4 26. Rxc1 d4 27. Ne1 d3 28. Nxd3 Nd4 29. Re4 Rc7 30. Ne1 Ba4 31. Bxa4 Rxc1 32. Rxd4 Rxe1+ 33. Kh2 Re2 34. Rb4 1-0

[Event "Mittelfranken-chTB2a 1718"]
[Site "Mittelfranken"]
[Date "2017.11.19"]
[Round "3.3"]
[White "Hofer, Stefan1111"]
[Black "Ludwig, Michael"]
[Result "1-0"]
[WhiteElo "1925"]
[BlackElo "1917"]
[PlyCount "167"]
[EventDate "2017.10.08"]
[EventType "team-tourn"]
[EventRounds "9"]
[EventCountry "GER"]
[SourceTitle "EXT 2022"]
[Source "ChessBase"]
[SourceDate "2021.10.06"]
[SourceVersion "1"]
[SourceVersionDate "2021.10.06"]
[SourceQuality "1"]
[WhiteTeam "Cadolzburg"]
[BlackTeam "Buechenbach/Roth II"]
[WhiteTeamCountry "GER"]
[BlackTeamCountry "GER"]

1. d4 g6 2. c4 Bg7 3. Nc3 d6 4. Nf3 Nf6 5. Bg5 0-0 6. e3 Nbd7 7. Be2 c6 8. Qc2 Re8 9. 0-0 d5 10. cxd5 Nxd5 11. Nxd5 cxd5 12. Bf4 e5 13. dxe5 Nxe5 14. Nd4 a6 15. Rfd1 Bd7 16. Qb3 Nc6 17. Bf3 Nxd4 18. exd4 Bc6 19. Qb4 Qd7 20. Re1 Qf5 21. Qd2 Qd7 22. h3 Rxe1+ 23. Rxe1 Re8 24. Re3 Rxe3 25. Qxe3 Kf8 26. Bh6 Bxh6 27. Qxh6+ Kg8 28. Qe3 Kg7 29. Bg4 Qd8 30. Qe5+ Kg8 31. f4 Qa5 32. Qb8+ Kg7 33. Qe5+ Kg8 34. Qb8+ Kg7 35. Qe5+ Kg8 36. f5 gxf5 37. Bxf5 Qd8 38. Qg3+ Kh8 39. Qe5+ Kg8 40. Qg3+ Kh8 41. Qf4 Qf6 42. Qe5 Qg7 43. Qb8+ Qg8 44. Qxg8+ Kxg8 45. Kf2 h6 46. Ke3 Kg7 47. Kf4 f6 48. b4 b6 49. Be6 Kg6 50. g3 a5 51. a3 Kg7 52. Kf5 Bb5 53. Bxd5 Bf1 54. h4 Bh3+ 55. Kf4 axb4 56. axb4 Bd7 57. Ke4 Kf8 58. Bc4 Ke7 59. Bg8 Kd6 60. d5 Bh3 61. Kd4 Bg4 62. Kc4 Bd7 63. Kd4 Bf5 64. Bf7 Bh3 65. Bg6 Bg2 66. Be4 Bh3 67. Bf3 Bd7 68. Ke4 Bc8 69. g4 Bd7 70. Kf4 Bc8 71. Be4 Bd7 72. Bf5 Ba4 73. Be6 Bc2 74. h5 Bb1 75. Bf5 Ba2 76. Be4 Bc4 77. Kf5 Be2 78. Kxf6 Bxg4 79. Kg6 Ke5 80. Bg2 Bf5+ 81. Kxh6 Kf6 82. Bf3 Bd3 83. Bg4 Bc4 84. d6 1-0

[Event "Mittelfranken-chTB2a 1617"]
[Site "Mittelfranken"]
[Date "2016.10.23"]
[Round "1.3"]
[White "Ludwig, Michael"]
[Black "Seubert, Holger"]
[Result "0-1"]
[WhiteElo "1891"]
[BlackElo "1940"]
[PlyCount "41"]
[EventDate "2016.10.23"]
[EventType "team-tourn"]
[EventRounds "9"]
[EventCountry "GER"]
[SourceTitle "EXT 2022"]
[Source "ChessBase"]
[SourceDate "2021.10.06"]
[SourceVersion "1"]
[SourceVersionDate "2021.10.06"]
[SourceQuality "1"]
[WhiteTeam "Buechenbach/Roth II"]
[BlackTeam "Erlangen Siemens"]
[WhiteTeamCountry "GER"]
[BlackTeamCountry "GER"]

1. e4 b6 2. d4 e6 3. Nf3 Bb7 4. Bd3 c5 5. c3 cxd4 6. cxd4 Nc6 7. Nc3 Nge7 8. 0-0 d5 9. e5 Ng6 10. Bg5 Qd7 11. Rc1 h6 12. Be3 Be7 13. a3 0-0 14. h4 f5 15. exf6 Rxf6 16. Bb5 Raf8 17. h5 Rxf3 18. gxf3 Nh4 19. f4 e5 20. Nxd5 Qh3 21. Nxe7+ 0-1

[Event "Mittelfranken-chTB2a 1516"]
[Site "Mittelfranken"]
[Date "2016.01.24"]
[Round "5.1"]
[White "Pikal, Alexander"]
[Black "Ludwig, Michael"]
[Result "0-1"]
[WhiteElo "1921"]
[BlackElo "1898"]
[PlyCount "44"]
[EventDate "2015.10.18"]
[EventType "team-tourn"]
[EventRounds "9"]
[EventCountry "GER"]
[SourceTitle "EXT 2020"]
[Source "ChessBase"]
[SourceDate "2019.10.17"]
[SourceVersion "1"]
[SourceVersionDate "2019.10.17"]
[SourceQuality "1"]
[WhiteTeam "Bad Windsheim/Ansbach"]
[BlackTeam "Buechenbach/Roth II"]
[WhiteTeamCountry "GER"]
[BlackTeamCountry "GER"]

1. f4 d5 2. Nf3 Nf6 3. e3 Nc6 4. Bb5 Bd7 5. b3 a6 6. Bxc6 Bxc6 7. Bb2 e6 8. Ne5 Bd6 9. 0-0 0-0 10. d3 Qe7 11. a4 Rfd8 12. Nd2 Be8 13. Rf3 c5 14. a5 Rac8 15. Rg3 d4 16. Nec4 Bb8 17. Nb6 Rc6 18. Qf3 e5 19. Rh3 exf4 20. exf4 Re6 21. Nf1 Bc6 22. Qg3 Re2 0-1

[Event "Mittelfranken-chTB2b 1112"]
[Site "Germany"]
[Date "2012.02.26"]
[Round "7.5"]
[White "Reuter, Roland"]
[Black "Ludwig, Michael"]
[Result "1/2-1/2"]
[WhiteElo "1885"]
[BlackElo "1860"]
[PlyCount "66"]
[EventDate "2011.09.25"]
[EventType "team-tourn"]
[EventRounds "9"]
[EventCountry "GER"]
[SourceTitle "EXT 2018"]
[Source "ChessBase"]
[SourceDate "2017.10.13"]
[SourceVersion "1"]
[SourceVersionDate "2017.10.13"]
[SourceQuality "1"]
[WhiteTeam "Muehlhof/Schwabach"]
[BlackTeam "Buechenbach/Roth II"]
[WhiteTeamCountry "GER"]
[BlackTeamCountry "GER"]

1. c4 e5 2. Nc3 Nc6 3. d3 Nf6 4. g3 Be7 5. Bg2 0-0 6. Bd2 d6 7. Nf3 h6 8. Qb3 Rb8 9. 0-0 a6 10. Rac1 Nd4 11. Nxd4 exd4 12. Nd5 Be6 13. Nxe7+ Qxe7 14. Qa3 Rfe8 15. Rfe1 Qd7 16. c5 dxc5 17. Rxc5 c6 18. b4 Bg4 19. Bf4 Rbd8 20. Qb2 Be6 21. a4 Qe7 22. Be5 Nd7 23. Bxd4 Nxc5 24. bxc5 f6 25. e3 Rd7 26. Rd1 Red8 27. Rd2 Bf5 28. Qc3 Qe6 29. Rb2 Bh3 30. Bf3 Re8 31. Rb4 Ree7 32. Qd2 Qf5 33. Qd1 g5 1/2-1/2

[Event "Mittelfranken-chTB2b 1112"]
[Site "Germany"]
[Date "2012.02.05"]
[Round "6.3"]
[White "Ludwig, Michael"]
[Black "Kroneder, Christian"]
[Result "1-0"]
[WhiteElo "1835"]
[BlackElo "2008"]
[PlyCount "55"]
[EventDate "2011.09.25"]
[EventType "team-tourn"]
[EventRounds "9"]
[EventCountry "GER"]
[SourceTitle "EXT 2013"]
[Source "ChessBase"]
[SourceDate "2012.11.22"]
[SourceVersion "1"]
[SourceVersionDate "2012.11.22"]
[SourceQuality "1"]
[WhiteTeam "Buechenbach/Roth II"]
[BlackTeam "Schwanstetten"]
[WhiteTeamCountry "GER"]
[BlackTeamCountry "GER"]

1. e4 c5 2. d4 cxd4 3. c3 dxc3 4. Nxc3 Nc6 5. Nf3 d6 6. Bc4 e6 7. 0-0 Nf6 8. Qe2 Qc7 9. Rd1 Be7 10. Nb5 Qb8 11. Bf4 e5 12. Bg5 a6 13. Bxf6 gxf6 14. Nc3 Bg4 15. Qe3 Qa7 16. Qh6 0-0-0 17. Bxf7 Nd4 18. Nxd4 Bxd1 19. Nf5 Rdf8 20. Be6+ Kb8 21. Rxd1 Bd8 22. Qd2 Bc7 23. Nd5 Bb6 24. Nxd6 h5 25. b4 Bd4 26. Nf5 Re8 27. Nxd4 exd4 28. Qf4+ 1-0

[Event "Mittelfranken-chTB2b 1112"]
[Site "Germany"]
[Date "2011.12.11"]
[Round "4.5"]
[White "Ludwig, Michael"]
[Black "Perner, Bastian"]
[Result "1/2-1/2"]
[WhiteElo "1835"]
[BlackElo "1841"]
[PlyCount "47"]
[EventDate "2011.09.25"]
[EventType "team-tourn"]
[EventRounds "9"]
[EventCountry "GER"]
[SourceTitle "EXT 2013"]
[Source "ChessBase"]
[SourceDate "2012.11.22"]
[SourceVersion "1"]
[SourceVersionDate "2012.11.22"]
[SourceQuality "1"]
[WhiteTeam "Buechenbach/Roth II"]
[BlackTeam "Heideck/Hilpoltstein"]
[WhiteTeamCountry "GER"]
[BlackTeamCountry "GER"]

1. e4 e5 2. Nf3 Nc6 3. Bb5 a6 4. Bxc6 dxc6 5. 0-0 f6 6. d3 Be6 7. Be3 Bd6 8. Nbd2 Ne7 9. c3 c5 10. a3 0-0 11. b4 cxb4 12. axb4 c6 13. Nb3 Ng6 14. Nfd2 Qe7 15. Nc5 Rfd8 16. Nxe6 Qxe6 17. Qb3 Nf8 18. Qc2 Nd7 19. Rfd1 c5 20. bxc5 Bxc5 21. Bxc5 Nxc5 22. d4 exd4 23. cxd4 Nd7 24. d5 1/2-1/2

[Event "Mittelfranken-chTB2b 1112"]
[Site "Germany"]
[Date "2011.11.20"]
[Round "3.5"]
[White "Ludwig, Michael"]
[Black "Lindner, Christoph"]
[Result "1/2-1/2"]
[WhiteElo "1835"]
[BlackElo "1725"]
[PlyCount "48"]
[EventDate "2011.09.25"]
[EventType "team-tourn"]
[EventRounds "9"]
[EventCountry "GER"]
[SourceTitle "EXT 2013"]
[Source "ChessBase"]
[SourceDate "2012.11.22"]
[SourceVersion "1"]
[SourceVersionDate "2012.11.22"]
[SourceQuality "1"]
[WhiteTeam "Buechenbach/Roth II"]
[BlackTeam "Kirchehrenbach/Ebermannstadt"]
[WhiteTeamCountry "GER"]
[BlackTeamCountry "GER"]

1. e4 c5 2. d4 cxd4 3. c3 dxc3 4. Nxc3 d6 5. Bc4 Nc6 6. Nf3 Nf6 7. 0-0 e6 8. Qe2 Be7 9. Rd1 e5 10. b3 0-0 11. h3 a6 12. a4 Na5 13. Nxe5 Qc7 14. Nf3 Nxc4 15. bxc4 Be6 16. Nd5 Nxd5 17. cxd5 Bd7 18. Bf4 Bf6 19. Rdc1 Qb8 20. Bxd6 Qxd6 21. e5 Qe7 22. Qe3 Rac8 23. exf6 Qxf6 24. a5 Rfe8 1/2-1/2

[Event "Regionalliga NO 0910"]
[Site "Bayern"]
[Date "2010.01.24"]
[Round "5.8"]
[White "Schmahl, Stephan"]
[Black "Ludwig, Michael"]
[Result "1/2-1/2"]
[WhiteElo "2099"]
[BlackElo "1821"]
[PlyCount "127"]
[EventDate "2009.10.18"]
[EventType "team-tourn"]
[EventRounds "9"]
[EventCountry "GER"]
[SourceTitle "EXT 2011"]
[Source "ChessBase"]
[SourceDate "2010.11.26"]
[SourceVersion "1"]
[SourceVersionDate "2010.11.26"]
[SourceQuality "1"]
[WhiteTeam "Neutraubling"]
[BlackTeam "Buechenbach/Roth"]
[WhiteTeamCountry "GER"]
[BlackTeamCountry "GER"]

1. d4 d5 2. c4 e6 3. Nc3 Nf6 4. Bg5 Nbd7 5. cxd5 exd5 6. Qc2 c6 7. e3 Qa5 8. Bd3 Bb4 9. Nge2 0-0 10. 0-0 c5 11. dxc5 Qxc5 12. a3 Bxc3 13. Qxc3 Ne4 14. Bxe4 dxe4 15. Qxc5 Nxc5 16. Be7 Nb3 17. Bxf8 Nxa1 18. Bxg7 Nb3 19. Bf6 Bd7 20. Ng3 Re8 21. Rd1 Bc6 22. Nf5 Kf8 23. h4 Re6 24. Rd8+ Re8 25. Rd6 a6 26. h5 Na5 27. h6 Nc4 28. Bg7+ Kg8 29. Rd8 f6 30. Rxe8+ Bxe8 31. Bxf6 Kf7 32. Bg7 Kg6 33. Ng3 Bc6 34. Kf1 Nd6 35. Ke1 Ne8 36. Kd2 Nxg7 37. hxg7 Kxg7 38. Kc3 Kg6 39. Kd4 h5 40. Ke5 h4 41. Nxe4 Bb5 42. Nd2 Kg5 43. f3 Bd3 44. a4 b5 45. a5 b4 46. Kd4 Be2 47. Kc5 b3 48. Kb4 Bd1 49. Ne4+ Kf5 50. Nf2 Be2 51. Kxb3 Bf1 52. Ng4 Bxg2 53. Nh2 h3 54. Kc4 Bxf3 55. Nxf3 Kg4 56. Nh2+ Kg3 57. e4 Kxh2 58. e5 Kg3 59. e6 h2 60. e7 h1Q 61. e8Q Qc1+ 62. Kb3 Qd1+ 63. Kc4 Qc2+ 64. Kd5 1/2-1/2

[Event "Mittelfranken-chTB2b 0910"]
[Site "Mittelfranken"]
[Date "2010.01.10"]
[Round "5.6"]
[White "Ludwig, Michael"]
[Black "Hoerath, Michael"]
[Result "1-0"]
[WhiteElo "1810"]
[BlackElo "1810"]
[PlyCount "81"]
[EventDate "2009.10.11"]
[EventType "team-tourn"]
[EventRounds "9"]
[EventCountry "GER"]
[SourceTitle "EXT 2011"]
[Source "ChessBase"]
[SourceDate "2010.11.26"]
[SourceVersion "1"]
[SourceVersionDate "2010.11.26"]
[SourceQuality "1"]
[WhiteTeam "Buechenbach/Roth II"]
[BlackTeam "Schwabach"]
[WhiteTeamCountry "GER"]
[BlackTeamCountry "GER"]

1. e4 c5 2. Nf3 e6 3. d4 cxd4 4. Nxd4 a6 5. g3 b5 6. Bg2 Bb7 7. 0-0 Qc7 8. Qe2 Nc6 9. c3 Nf6 10. Bg5 Be7 11. Nd2 h6 12. Be3 0-0 13. g4 Nxd4 14. cxd4 d6 15. Rac1 Qd7 16. f4 Rac8 17. g5 Rxc1 18. Rxc1 hxg5 19. fxg5 Nh7 20. h4 e5 21. Kh2 Re8 22. Bh3 Qd8 23. d5 Nf8 24. Qf2 Nd7 25. Qf5 Nc5 26. g6 fxg6 27. Qxg6 Bc8 28. Bxc8 Qxc8 29. b4 Bxh4 30. bxc5 dxc5 31. Rxc5 Qd8 32. Rc7 Re7 33. Rxe7 Qxe7 34. Qxa6 Qb4 35. Qe6+ Kf8 36. Qxe5 Bf6 37. Qb8+ Kf7 38. Qc7+ Kg6 39. Qg3+ Kf7 40. e5 Bd8 41. Qf4+ 1-0

[Event "Mittelfranken-chTB2b 0910"]
[Site "Mittelfranken"]
[Date "2009.11.22"]
[Round "3.6"]
[White "Ludwig, Michael"]
[Black "Mueller, Lothar"]
[Result "1-0"]
[WhiteElo "1810"]
[BlackElo "1837"]
[PlyCount "83"]
[EventDate "2009.10.11"]
[EventType "team-tourn"]
[EventRounds "9"]
[EventCountry "GER"]
[SourceTitle "EXT 2011"]
[Source "ChessBase"]
[SourceDate "2010.11.26"]
[SourceVersion "1"]
[SourceVersionDate "2010.11.26"]
[SourceQuality "1"]
[WhiteTeam "Buechenbach/Roth II"]
[BlackTeam "Postbauer Heng II"]
[WhiteTeamCountry "GER"]
[BlackTeamCountry "GER"]

1. e4 c5 2. Nf3 e6 3. d4 cxd4 4. Nxd4 Nf6 5. f3 Bc5 6. Nb3 Nxe4 7. fxe4 Qh4+ 8. Kd2 b6 9. Nxc5 bxc5 10. Qe2 Nc6 11. c3 a5 12. g3 Qf6 13. Bg2 Ba6 14. Qf3 Qe7 15. e5 0-0 16. Qe3 d5 17. exd6 Qxd6+ 18. Kc2 Rfd8 19. b3 Rac8 20. Nd2 Nd4+ 21. Kb2 Nf5 22. Qf4 Qd7 23. Nc4 Bxc4 24. Qxc4 Nd6 25. Qa4 Qa7 26. Bf4 c4 27. Rhf1 cxb3 28. axb3 Qb6 29. Bxd6 Rxd6 30. Qf4 f5 31. Rfd1 e5 32. Qxf5 Rf8 33. Rxd6 Qxd6 34. Qc2 a4 35. b4 Qb6 36. Rd1 Qe3 37. Rd2 Rc8 38. Rd3 a3+ 39. Ka2 Qg1 40. Bd5+ Kh8 41. Rf3 Qb6 42. Qf5 1-0

[Event "Mittelfranken-chTB2b 0910"]
[Site "Mittelfranken"]
[Date "2009.10.25"]
[Round "2.6"]
[White "Kiefer, Johannes"]
[Black "Ludwig, Michael"]
[Result "1-0"]
[WhiteElo "1794"]
[BlackElo "1810"]
[PlyCount "100"]
[EventDate "2009.10.11"]
[EventType "team-tourn"]
[EventRounds "9"]
[EventCountry "GER"]
[SourceTitle "EXT 2011"]
[Source "ChessBase"]
[SourceDate "2010.11.26"]
[SourceVersion "1"]
[SourceVersionDate "2010.11.26"]
[SourceQuality "1"]
[WhiteTeam "Heilsbronn"]
[BlackTeam "Buechenbach/Roth II"]
[WhiteTeamCountry "GER"]
[BlackTeamCountry "GER"]

1. Nc3 d5 2. e4 dxe4 3. Nxe4 Bf5 4. Ng3 Bg6 5. c3 e5 6. Nf3 Nd7 7. Bc4 e4 8. Nd4 c5 9. Ndf5 a6 10. Qe2 Ngf6 11. Nxe4 Ne5 12. Ng5 Qc7 13. Nf3 Bxf5 14. Qxe5+ Qxe5+ 15. Nxe5 Bg6 16. 0-0 Bd6 17. Re1 0-0 18. Nxg6 hxg6 19. d3 Rfe8 20. Bd2 Ng4 21. h3 Ne5 22. a4 Rad8 23. Rad1 Kf8 24. Kf1 Re7 25. Be3 Red7 26. Ba2 Nc6 27. Bg5 Be7 28. Bxe7+ Nxe7 29. Re3 Nc6 30. Bb1 b5 31. axb5 axb5 32. Bc2 Rd6 33. Ra1 b4 34. Ra6 bxc3 35. bxc3 Ne7 36. Rxd6 Rxd6 37. Bb3 Nd5 38. Bxd5 Rxd5 39. Ke2 f5 40. f4 Kf7 41. Re5 Rd6 42. Rxc5 Ra6 43. g4 Ra2+ 44. Kf3 Rb2 45. Kg3 Rd2 46. Rd5 Ke6 47. c4 Re2 48. Kh4 Re3 49. Rd4 Kf6 50. c5 Re7 1-0